france gall singles des années 80 - Statistiques

Statistiques générales
  • Ce quiz a été pris 126 fois
  • Le résultat moyen est 6 sur 13
Statistiques - réponses
Hint Réponse % Correct
1980 il jouait du piano debout
78%
1981 résiste
74%
1987 babacar
71%
1987 ella elle l'a
70%
1988 évidemment
63%
1984 débranche
53%
1985 cézanne peint
42%
1984 hong kong star
39%
1981 diego
32%
1985 calypso
26%
1981 tout pour la musique
26%
1989 la chanson d'azima
19%
1980 donner pour donner
16%
Aucun quiz correspondant
Distribution des résultats
% des personnes avec chaque résultat
Percentile par nombre de réponses
Votre historique - résultats
Vous n’avez pas pris ce quiz